| 000 | 00674nam a2200205 i 4500 | ||
|---|---|---|---|
| 001 | 21568 | ||
| 003 | ES-MaACL | ||
| 005 | 20231205191404.0 | ||
| 007 | t| | ||
| 008 | 021126q1926 sp |||| | spa d | ||
| 100 | 1 |
_aCamón Aznar, José, _d1898-1979 _934095 |
|
| 245 | 1 | 0 |
_aÁlbum de la galería de pinturas del Museo del Louvre / _cintroducción histórica y texto explicativo de José Camón Aznar. |
| 260 |
_aBarcelona : _bLabor, _c[1926?] |
||
| 300 |
_a60 lám. col. ; _c22 cm. |
||
| 490 | 1 | _aGalerías de Europa | |
| 610 | 2 | 4 |
_aMusée du Louvre. _95813 |
| 830 | 0 |
_aGalerías de Europa _9180769 |
|
| 852 |
_aES-MaACL _jB-6510 |
||
| 999 |
_c21568 _d21568 |
||